Countries with the Highest Athiest Population - Statistics

General Stats
  • This quiz has been taken 405 times
  • The average score is 5 of 10
Answer Stats
Number of Athiests Country % Correct
1,029,390,000 China
97%
58,342,720 Japan
78%
30,855,050 Germany
76%
27,505,670 France
72%
4,515,666 Sweden
61%
6,769,320 Netherlands
48%
30,837,840 Vietnam
41%
5,479,666 Czech Republic
25%
25,920,000 United Kingdom
17%
3,795,272 Hong Kong
11%
No matching quizzes found
Score Distribution
Percent of People with Each Score
Percentile by Number Answered
Your Score History
You have not taken this quiz